2015 Formula 1 drivers' standings - Statistics

General Stats
  • This quiz has been taken 178 times
  • The average score is 13 of 22
Answer Stats
Position Name Points % Correct
1 Lewis Hamilton 381
100%
2 Nico Rosberg 322
99%
3 Sebastian Vettel 278
99%
4 Kimi Räikkönen 150
91%
6 Felipe Massa 121
73%
5 Valtteri Bottas 136
73%
8 Daniel Ricciardo 92
69%
7 Daniil Kvyat 95
61%
9 Sergio Pérez 78
61%
17 Fernando Alonso 11
58%
12 Max Verstappen 49
56%
10 Nico Hülkenberg 58
55%
11 Romain Grosjean 51
54%
16 Jenson Button 16
53%
15 Carlos Sainz 18
51%
18 Marcus Ericsson 9
40%
14 Pastor Maldonado 27
37%
13 Felipe Nasr 27
36%
21 Will Stevens 0
36%
20 Alexander Rossi 0
28%
22 Kevin Magnussen 0
26%
19 Roberto Merhi 0
26%
No matching quizzes found
Score Distribution
Percent of People with Each Score
Percentile by Number Answered
Your Score History
You have not taken this quiz